Leaving home : a memoir in full colour / Mark ... Read More
Available copies
- 1 of 1 copy available at LARL/NWRL Consortium. (Show)
- 1 of 1 copy available at Lake Agassiz Regional Library.
Current holds
0 current holds with 1 total copy.
Show Only Available Copies
| Location | Call Number / Copy Notes | Barcode | Shelving Location | Status | Due Date |
|---|---|---|---|---|---|
| Moorhead Public Library | 921 HAD (Text) | 33500014389019 | New | Available | - |
Record details
- ISBN: 9780385551892
- ISBN: 0385551894
- Physical Description: 213 pages : illustrations (chiefly color) ; 24 cm
- Edition: First U.S. hardcover edition
- Publisher: New York : Doubleday, 2026.
- Copyright: ©2026
Content descriptions
| General Note: | The author wrote the prize-winning book The curious incident of the dog in the night-time. |
| Bibliography, etc. Note: | Includes bibliographical references. |
| Summary, etc.: | "Simultaneously heart-breaking and hilarious, ... Read More |
Search for related items by subject
| Genre: | Autobiographies. Illustrated works. |
| LDR | 04104cam a2200685 i 4500 | ||
|---|---|---|---|
| 001 | 486132 | ||
| 003 | LARL_NWRL_CONSORTIUM | ||
| 005 | 20260602202608.0 | ||
| 008 | 260127t20262026nyua e b 000 0aeng d | ||
| 010 | . | ‡a 2025944145 | |
| 040 | . | ‡aIG# ‡beng ‡erda ‡cIG# ‡dOCLCO ‡dHBP ‡dGP5 ‡dGRA ‡dZAE ‡dOCO ‡dHQC ‡dIMT ‡dOCLCO ‡dMDB ‡dCHILD ‡dIND ‡dHQD ‡dYDX ‡dPUL ‡dAUM | |
| 019 | . | ‡a1520467771 ‡a1529942582 ‡a1569480972 ‡a1574791009 | |
| 020 | . | ‡a9780385551892 ‡q(hardback) | |
| 020 | . | ‡a0385551894 ‡q(hardback) | |
| 035 | . | ‡a(OCoLC)1570280588 ‡z(OCoLC)1520467771 ‡z(OCoLC)1529942582 ‡z(OCoLC)1569480972 ‡z(OCoLC)1574791009 | |
| 043 | . | ‡ae-uk-en | |
| 082 | 0 | 4. | ‡a823/.914 ‡aB ‡223/eng/2026 |
| 100 | 1 | . | ‡aHaddon, Mark, ‡d1962- ‡eauthor, ‡eillustrator. ‡1https://id.oclc.org/worldcat/entity/E39PBJqQy9M8dqgctMxkV9F3Qq ‡0(LARL_NWRL_CONSORTIUM)222375 |
| 245 | 1 | 0. | ‡aLeaving home : ‡ba memoir in full colour / ‡cMark Haddon. |
| 246 | 3 | . | ‡aMemoir in full color |
| 250 | . | ‡aFirst U.S. hardcover edition | |
| 264 | 1. | ‡aNew York : ‡bDoubleday, ‡c2026. | |
| 264 | 4. | ‡c©2026 | |
| 300 | . | ‡a213 pages : ‡billustrations (chiefly color) ; ‡c24 cm | |
| 336 | . | ‡atext ‡btxt ‡2rdacontent ‡0http://id.loc.gov/vocabulary/contentTypes/txt | |
| 336 | . | ‡astill image ‡bsti ‡2rdacontent ‡0http://id.loc.gov/vocabulary/contentTypes/sti | |
| 337 | . | ‡aunmediated ‡bn ‡2rdamedia ‡0http://id.loc.gov/vocabulary/mediaTypes/n | |
| 338 | . | ‡avolume ‡bnc ‡2rdacarrier ‡0http://id.loc.gov/vocabulary/carriers/nc | |
| 380 | . | ‡aBook ‡2tlcgt | |
| 500 | . | ‡aThe author wrote the prize-winning book The curious incident of the dog in the night-time. | |
| 504 | . | ‡aIncludes bibliographical references. | |
| 520 | . | ‡a"Simultaneously heart-breaking and hilarious, Leaving Home is a portrait of the artist both as a child and as an adult. His parents were not really cut out for the job of having children. They were cut out, respectively, for the jobs of designing abattoirs and keeping a pathologically clean and tidy house. At least he had the consolations of The Weetabix Solar System Wallchart, walnut whips and the occasional Babycham. Astringently honest and scalpel sharp, this is a book about being different and seeing the world differently. It's about being a cartoonist and a care assistant. It's about family. It's about knickerbocker glories and heart surgery, about papier mâché and mental breakdown and great white sharks. It's about how art, in all its varied forms, provides a way of understanding and coming to terms with the mess of human life. It's richly illustrated throughout with images from the author's childhood, some of them altered in unforgiveable ways. As bracing as it is embracing, Leaving Home is about escaping a place that never felt like home and learning to create somewhere that does"-- ‡cPublisher's website. | |
| 600 | 1 | 0. | ‡aHaddon, Mark, ‡d1962- ‡0(LARL_NWRL_CONSORTIUM)222375 |
| 600 | 1 | 0. | ‡aHaddon, Mark, ‡d1962- ‡xMental health. |
| 650 | 0. | ‡aNovelists, English ‡y20th century ‡vBiography. ‡0(LARL_NWRL_CONSORTIUM)166393 | |
| 650 | 0. | ‡aPoets, English ‡y20th century ‡vBiography. ‡0(LARL_NWRL_CONSORTIUM)166774 | |
| 650 | 0. | ‡aArtists ‡zEngland ‡vBiography. ‡0(LARL_NWRL_CONSORTIUM)163522 | |
| 600 | 1 | 1. | ‡aHaddon, Mark, ‡d1962- ‡0(LARL_NWRL_CONSORTIUM)222375 |
| 600 | 1 | 1. | ‡aHaddon, Mark, ‡d1962- ‡xMental health. |
| 650 | 1. | ‡aArtists ‡zEngland ‡vBiography. ‡0(LARL_NWRL_CONSORTIUM)163522 | |
| 650 | 1. | ‡aNovelists, English ‡y20th century ‡vBiography. ‡0(LARL_NWRL_CONSORTIUM)166393 | |
| 650 | 1. | ‡aPoets, English ‡y20th century ‡vBiography. ‡0(LARL_NWRL_CONSORTIUM)166774 | |
| 600 | 1 | 7. | ‡aHaddon, Mark, ‡d1962- ‡2sears ‡0(LARL_NWRL_CONSORTIUM)222375 |
| 600 | 1 | 7. | ‡aHaddon, Mark, ‡d1962- ‡xMental health. ‡2sears |
| 650 | 7. | ‡aArtists ‡zEngland ‡vBiography. ‡2sears ‡0(LARL_NWRL_CONSORTIUM)163522 | |
| 650 | 7. | ‡aNovelists, English ‡y20th century ‡vBiography. ‡2sears ‡0(LARL_NWRL_CONSORTIUM)166393 | |
| 650 | 7. | ‡aPoets, English ‡y20th century ‡vBiography. ‡2sears ‡0(LARL_NWRL_CONSORTIUM)166774 | |
| 655 | 7. | ‡aAutobiographies. ‡2lcgft | |
| 655 | 7. | ‡aIllustrated works. ‡2lcgft | |
| 901 | . | ‡a486132 ‡bOCoLC ‡c486132 ‡tbiblio ‡sIngram On-Order | |

Add to basket
Permalink
Disable Highlighting